Paese del mondo dal suo Capo di Governo - Statistics

Statistiche generali
  • Questo quiz è stato fatto 71 volte
  • Il punteggio medio è 13 su 16
Statistiche sulle risposte
con Immagini Hint Risposta % Corretto
Donald Trump Stati Uniti
100%
Giorgia Meloni Italia
98%
Luiz Inácio Lula da Silva Brasile
94%
Benjamin Netanyahu Israele
92%
Javier Milei Argentina
89%
Pedro Sánchez Spagna
88%
Olaf Scholz Germania
86%
Recep Tayyip Erdoğan Turchia
86%
Narendra Modi India
85%
Nicolás Maduro Venezuela
85%
Viktor Orbán Ungheria
83%
Justin Trudeau Canada
80%
Keir Starmer Regno Unito
71%
Edi Rama Albania
65%
Donald Tusk Polonia
55%
Nayib Bukele El Salvador
38%
Nessun quiz corrispondente trovato
Distribuzione punteggi
Percentuale di utenti per punteggio
Percentile per numero di risposta
I tuoi punteggi nel tempo
Non hai fatto questo quiz